Prostriedky rozvoja koordinačných schopností mladých volejbalistov

Bibliographic Details
Main Author: Šimonek, Jaromír, 1958- (Author)
Format: Article
Language:Slovak
PhysicalDescription:Res. angl., nem., lit. 1 zázn. v nem.
Subjects:

MARC

LEADER 00000nab a2200000 a 4500
001 vtls000489499
003 SK-MaSNL
005 20260304012601.0
008 230223c1993 xo 0 slo
015 |a SNBRB19rr/mm-uuuuu 
035 |a CL0489637 
035 |a urn:nbn:sk:snk-aba2y3 
035 |a (urnnbn)urn:nbn:sk:snk:ar-a09axq 
035 |a (uuid)df863ada-488b-4429-81b3-2ebf2e91adeb 
040 |a SNKBUCL  |b slo  |c SNKBUCL  |e AACR2 
041 0 |a slo 
044 |a xo  |c SK 
080 |a 796.325.012.31-053.6  |2 1981 
100 1 |a Šimonek, Jaromír,  |d 1958-  |4 aut  |9 86480 
245 1 0 |a Prostriedky rozvoja koordinačných schopností mladých volejbalistov  |c Jaromír Šimonek 
300 |b Res. angl., nem., lit. 1 zázn. v nem. 
650 0 7 |a volejbal  |2 snkbucl  |9 3294 
650 0 7 |a schopnosti koordinačné  |2 snkbucl  |9 1182485 
655 7 |a články z novín a časopisov  |2 snkbucl  |9 267496 
773 0 |t Telesná výchova a šport  |g Roč. 3, č. 1 (1993), s. 26-29 
850 |a Slovenská národná knižnica v Martine  |a MTA001 
852 |a SNK  |b KIS3GCP 
954 |a odborná, vedecká literatúra pôvodná (slovenská)  |2 lita 
958 |a RK 
958 |a OND 
958 |a EUIPO 
958 |a article13 
992 |a RBX 
999 |c 2572264  |d 2574194